000 01476nam a2200361 c 4500
003 BLK
005 20180422112545.0
008 180410b bul|||||r ||||||| ||bul||
010 _aKNG00150773000
040 _aBLK
041 _aBUL
_cBUL
080 _aБългарски език
_b811.163.2
_x-087
_z811.163.2-087
100 1 _aБояджиев, Тодор Апостолов
_eпърви автор
_9364499
139 _aБояджиев, Тодор Апостолов
_bБ 73
245 1 0 _aБългарските говори в Западна (Беломорска) и Източна (Одринска) Тракия
_bИзследване
_cТодор Апостолов Бояджиев.
257 _aBGR
260 София
_bУнив. изд. Св. Климент Охридски
_c1991
300 _a275 с.
_bс к.
_c22 см
380 _a80
500 _a2 565 тир. - Библиогр. с. 206-210.
650 4 _aБългарски език - диалекти
_9241883
651 4 _aИзточна Тракия
_9246268
651 4 _aБеломорска Тракия
_9245704
653 _aбългарски език
653 _aдиалекти
653 _aИзточна Тракия
653 _aБеломорска Тракия
852 _aЦб 168163
856 4 _qpdf
_u
856 4 _qpdf
_u
942 _cKNG
_n0
944 _aCR
_c25.09.2013
_l25.09.2013 - от С1,Р / 25.09.2013
_kКети_Илиева
944 _aED
_c25.09.2013
_l25.09.2013 - от С1,Р / 25.09.2013
_k
999 _c144613
_d144613